000 00532nam a2200193Ia 4500
005 20250326145103.0
008 250326s9999 xx 000 0 und d
037 _aTextbook
040 _aFMSL
_beng
_cFMSL
041 _aeng
_2eng
084 _aS:f Q0
_qFMSL
100 _aMcbride D M
_9750617
245 0 _aProcess of research in psychology
_cMcbride D M
260 _aNew Delhi
_bNew Delhi, Sage
_c2010
365 _b2968.8645000000001
650 _aManagement
942 _cTB
_hS:f Q0
999 _c1306322
_d1306322